000 00488nam a2200181Ia 4500
001 16947
005 20260306170348.0
008 260306t2011||||xx |||||||||||||| ||und||
041 _aESP
082 _a657.3
_bR78
100 _aMtra. Ma. de Rojas Cataño, Lourdes
_eAUT
245 0 _aFundamentos de análisis de estados financieros:
_bmanual teórico-práctico
260 _c2011
300 _a137 páginas :
_c27 cm.
650 _aGEN
654 _aCCO
942 _cLIB
_dJUS
_fJUS
_2ddc
_n
999 _c16947
_d16947